00809nam a2200193 a 4500003000200000005001700002008004100019050003000060100002200090245014700112260009200259300004400351504004100395650005700436650002600493650002600519650003100545650003900576020250412093011.0970101s19uu xx 00 eng d aPGS HQ 784.T4b.M149 2004 aMachida, Junichi. aThe positive and negative effects of modern Filipino gag shows on the emotional behavior of the grade six students of SISC /cJunichi Machida. aLas Piñas City, Philippines : bSouthville International School and Colleges,c2004. a20 pages : billustrations ; c28 cm.  aIncludes bibliographical references. aComedy programszPhilippinesvPsychological aspects. aGag showszInfluence. aChildrenvEmotions.  aChildrenvConduct of life. aMass mediavPsychological aspects.